<?xml version="1.0" encoding="UTF-8"?><record xmlns="http://www.loc.gov/MARC21/slim" xmlns:zs="http://docs.oasis-open.org/ns/search-ws/sruResponse">
  <leader>03237cam a22004211  4500</leader>
  <controlfield tag="001">6594526</controlfield>
  <controlfield tag="005">20250608000245.6</controlfield>
  <controlfield tag="008">840703s1939    af            000 0 puso </controlfield>
  <datafield ind1=" " ind2=" " tag="035">
    <subfield code="a">6594526</subfield>
  </datafield>
  <datafield ind1=" " ind2=" " tag="906">
    <subfield code="a">7</subfield>
    <subfield code="b">cbc</subfield>
    <subfield code="c">premver</subfield>
    <subfield code="d">u</subfield>
    <subfield code="e">ncip</subfield>
    <subfield code="f">19</subfield>
    <subfield code="g">y-gencatlg</subfield>
  </datafield>
  <datafield ind1=" " ind2=" " tag="955">
    <subfield code="a">LCAP batch update 2025-06-02-04:00: LCAPM-644</subfield>
  </datafield>
  <datafield ind1=" " ind2=" " tag="010">
    <subfield code="a">ne 66000395 </subfield>
  </datafield>
  <datafield ind1=" " ind2=" " tag="035">
    <subfield code="9">(DLC)ne 66000395</subfield>
  </datafield>
  <datafield ind1=" " ind2=" " tag="040">
    <subfield code="a">DLC</subfield>
    <subfield code="c">CarP</subfield>
    <subfield code="d">DLC</subfield>
  </datafield>
  <datafield ind1="0" ind2="0" tag="050">
    <subfield code="a">PK6723</subfield>
    <subfield code="b">.A9</subfield>
  </datafield>
  <datafield ind1="1" ind2=" " tag="100">
    <subfield code="a">Ayāzī, Muḥammad Aʻẓam,</subfield>
    <subfield code="d">1878 or 1879-1956 or 1957.</subfield>
  </datafield>
  <datafield ind1="1" ind2="0" tag="245">
    <subfield code="a">Qavāʻid-i Pushtū.</subfield>
  </datafield>
  <datafield ind1=" " ind2=" " tag="260">
    <subfield code="a">[Afghanistan] :</subfield>
    <subfield code="b">[Pushto Tolanah],</subfield>
    <subfield code="c">[1939/40]</subfield>
  </datafield>
  <datafield ind1=" " ind2=" " tag="300">
    <subfield code="a">6, 224 p.</subfield>
    <subfield code="c">26 cm.</subfield>
  </datafield>
  <datafield ind1=" " ind2=" " tag="336">
    <subfield code="a">text</subfield>
    <subfield code="b">txt</subfield>
    <subfield code="2">rdacontent</subfield>
  </datafield>
  <datafield ind1=" " ind2=" " tag="337">
    <subfield code="a">unmediated</subfield>
    <subfield code="b">n</subfield>
    <subfield code="2">rdamedia</subfield>
  </datafield>
  <datafield ind1=" " ind2=" " tag="338">
    <subfield code="a">volume</subfield>
    <subfield code="b">nc</subfield>
    <subfield code="2">rdacarrier</subfield>
  </datafield>
  <datafield ind1=" " ind2=" " tag="500">
    <subfield code="a">Early imprint.</subfield>
  </datafield>
  <datafield ind1=" " ind2=" " tag="500">
    <subfield code="a">Romanized.</subfield>
  </datafield>
  <datafield ind1=" " ind2=" " tag="520">
    <subfield code="a">Qavaʼid-i Pushtū (Pushto grammar) is a linguistic work, produced by Pushto Tolanah (Pushto Academy), an Afghan governmental literary organization that was founded in 1938 in Kabul to promote Pushto language, literature, and history. This particular manual was written in Persian by Muhammad Aʻzam Ayazi, a member of Pushto Tolanah, and published in 1939 for both Pushtun and non-Pushtun readers interested in learning the Pushto language. The manual is 224 pages long and is organized into a detailed table of contents, acknowledgements, and 14 sections, each of which is divided into numerous chapters. Section 1 (pages 1-10) is a detailed description of the Pushto alphabet. Section 2 (pages 10-35) is devoted to discussion of the morphology of the language. Section 3 (pages 36-51) discusses Pushto adjectives, their various types and usage. Section 4 (pages 51-67) deals with pronouns, their use, and agreement in the language. Section 5 (the longest section, pages 67-146) is about verbs, their various forms, usage, and conditions. Section 6 (pages 146-55) deals with adverbs in Pushto. Section 7 (the shortest section, pages 155-58) discusses prepositions. Section 8 (pages 158-61) deals with verb phrases. Section 9 (pages 161-64) discusses vowels. Section 10 (pages 164-73) deals with compound words. Section 11 (pages 173-79) discusses syllabification. Section 12 (pages 179-81) deals with punctuation marks. Section 13 (wrongly headed "section 14," pages 182-212) deals with sentence formation. Section 14 (pages 213-22) has a list of Pushto infinitives alongside their Persian meanings. The concluding pages list corrections to the text.</subfield>
    <subfield code="c">World Digital Library.</subfield>
  </datafield>
  <datafield ind1=" " ind2=" " tag="530">
    <subfield code="a">Also available in digital form on the Library of Congress Web site.</subfield>
  </datafield>
  <datafield ind1=" " ind2="0" tag="650">
    <subfield code="a">Pushto language</subfield>
    <subfield code="x">Grammar.</subfield>
  </datafield>
  <datafield ind1=" " ind2=" " tag="752">
    <subfield code="a">Afghanistan</subfield>
  </datafield>
  <datafield ind1="2" ind2=" " tag="810">
    <subfield code="a">Puṣhto Ṭolạnah.</subfield>
    <subfield code="b">Mudīrīyat-i Zabān.</subfield>
    <subfield code="b">Shuʻ-bah-i Lughāt va Qavāʻid.</subfield>
    <subfield code="t">[Nashr-iyāt]</subfield>
    <subfield code="v">1.</subfield>
  </datafield>
  <datafield ind1="2" ind2=" " tag="810">
    <subfield code="a">Puṣhto Ṭolạnah.</subfield>
    <subfield code="b">Mudīrīyat-i Zabān.</subfield>
    <subfield code="t">[Nashrīyāt]</subfield>
    <subfield code="v">6.</subfield>
  </datafield>
  <datafield ind1="2" ind2=" " tag="810">
    <subfield code="a">Puṣhto Ṭolạnah.</subfield>
    <subfield code="t">Nashr-iyāt, 28. III.</subfield>
  </datafield>
  <datafield ind1="4" ind2="0" tag="856">
    <subfield code="d">amedscd</subfield>
    <subfield code="f">ne66000395</subfield>
    <subfield code="u">https://hdl.loc.gov/loc.amed/amedscd.ne66000395</subfield>
  </datafield>
  <datafield ind1="4" ind2="1" tag="856">
    <subfield code="3">World Digital Library</subfield>
    <subfield code="u">http://hdl.loc.gov/loc.wdl/wdl.16821</subfield>
  </datafield>
  <datafield ind1=" " ind2=" " tag="985">
    <subfield code="a">amed/amedpleic</subfield>
    <subfield code="e">amedpleic</subfield>
  </datafield>
  <datafield ind1=" " ind2=" " tag="985">
    <subfield code="a">amed/amedscd</subfield>
  </datafield>
  <datafield ind1=" " ind2=" " tag="985">
    <subfield code="a">miscpull</subfield>
  </datafield>
  <datafield ind1=" " ind2=" " tag="985">
    <subfield code="a">wdl</subfield>
  </datafield>
  <datafield ind1=" " ind2=" " tag="991">
    <subfield code="b">c-GenColl</subfield>
    <subfield code="h">PK6723</subfield>
    <subfield code="i">.A9 (Orien Push)</subfield>
    <subfield code="t">Copy 1</subfield>
    <subfield code="w">PREM</subfield>
  </datafield>
</record>
